[Event "Asia-ch U20 Girls"]
[Site "Tashkent UZB"]
[Date "2012.06.06"]
[Round "8.2"]
[White "Pujari, Rucha"]
[Black "Kurbonboeva, Sarvinoz"]
[Result "1-0"]
[WhiteElo "2192"]
[BlackElo "2199"]
[EventDate "2012.05.30"]
[PlyCount "87"]

1.d4 Nf6 2.Nf3 g6 3.g3 Bg7 4.Bg2 O-O 5.O-O d6 6.c4 Nbd7 7.Nc3 e5 8.e4 c6 
9.h3 Qb6 10.c5 dxc5 11.dxe5 Ne8 12.e6 fxe6 13.Ng5 Nc7 14.f4 h6 15.Nf3 e5 
16.Nh4 Rf6 17.f5 g5 18.Ng6 Rf7 19.h4 gxh4 20.gxh4 Ne8 21.Rf2 Nf8 22.h5 Qc7
23.Be3 b6 24.Bf1 Nd6 25.Qg4 Nd7 26.Rd1 b5 27.Qg2 a6 28.a4 Kh7 29.Nh4 Rf6 
30.Rf3 Bb7 31.Rg3 Ne8 32.Rg6 c4 33.Rxf6 Nexf6 34.Qg6+ Kh8 35.Qf7 Qc8 36.
Bxh6 Qg8 37.Rxd7 Nxd7 38.Qxd7 Bc8 39.Qxc6 Bxf5 40.exf5 Bxh6+ 41.Ng6+ Kg7 
42.f6+ Kf7 43.Bg2 e4 44.Bxe4 1-0

[Event "Asia-ch U20 Girls"]
[Site "Tashkent UZB"]
[Date "2012.06.06"]
[Round "8.3"]
[White "Vo, Thi Kim Phung"]
[Black "Nandhidhaa, PV"]
[Result "1-0"]
[WhiteElo "2155"]
[BlackElo "2176"]
[EventDate "2012.05.30"]
[PlyCount "121"]

1.d4 d5 2.Nf3 Nf6 3.Bf4 c5 4.e3 Nc6 5.Be2 Qb6 6.Nc3 c4 7.Rb1 Bf5 8.a3 e6 
9.Ne5 Nxe5 10.Bxe5 Nd7 11.Bg3 Qc6 12.O-O Be7 13.Bf3 O-O 14.Re1 Nf6 15.Bh4 
Rfd8 16.g4 Bg6 17.Bg3 h6 18.Kg2 b5 19.Ne2 Ne4 20.Bxe4 Bxe4+ 21.f3 Bh7 22.
Ra1 a5 23.h4 f5 24.g5 hxg5 25.hxg5 Bxg5 26.f4 Bf6 27.Rh1 Bg6 28.Qe1 Kf7 
29.Bh4 Rh8 30.Bxf6 gxf6 31.Rxh8 Rxh8 32.Qxa5 e5 33.Qa7+ Kf8 34.Rg1 Bh5 35.
Ng3 Bg4 36.Rh1 Rxh1 37.Kxh1 c3 38.b4 exd4 39.exd4 Qc4 40.Qc5+ Kf7 41.Kg1 
Ke6 42.Kf2 Bd1 43.Ke3 Bxc2 44.Qxc4 dxc4 45.Ne2 Be4 46.Nxc3 Bc6 47.d5+ Bxd5
48.Nxb5 Be4 49.Kd4 Bd3 50.Nc7+ Kd6 51.Nd5 Kc6 52.a4 Bc2 53.b5+ Kd6 54.a5 
Bd3 55.a6 Be4 56.Nc3 Bg2 57.Kxc4 Bf3 58.Kb4 Bg2 59.b6 Kc6 60.Ka5 Bf1 61.
Nd5 1-0

[Event "Asia-ch U20 Girls"]
[Site "Tashkent UZB"]
[Date "2012.06.06"]
[Round "8.4"]
[White "Pon, NKrithika"]
[Black "Hoang, Thi Nhu Y"]
[Result "0-1"]
[WhiteElo "2150"]
[BlackElo "2238"]
[EventDate "2012.05.30"]
[PlyCount "70"]

1.e4 c6 2.d4 d5 3.exd5 cxd5 4.Bd3 Nc6 5.c3 Nf6 6.Bg5 Qd6 7.Nf3 Bg4 8.Nbd2 
e6 9.Qb3 Rb8 10.O-O Bxf3 11.Nxf3 Be7 12.Ne5 O-O 13.Qc2 Nxe5 14.dxe5 Qxe5 
15.Bxf6 Qxf6 16.Bxh7+ Kh8 17.Bd3 g6 18.f4 Bc5+ 19.Kh1 Kg7 20.Rf3 Rh8 21.
Raf1 Rh6 22.h3 Rbh8 23.Qb3 Qe7 24.Qc2 Rh4 25.Qd2 Qf6 26.f5 exf5 27.Bxf5 
Qe5 28.Rd1 Qd6 29.Bc2 Bb6 30.Rdf1 f5 31.Bxf5 Bc7 32.g3 Rxh3+ 33.Bxh3 Rxh3+
34.Kg2 Rxg3+ 35.Kf2 Rg2+ 0-1

[Event "Asia-ch U20 Girls"]
[Site "Tashkent UZB"]
[Date "2012.06.06"]
[Round "8.6"]
[White "Kulkarni , Bhakti"]
[Black "Abdul, Majeed Dina Ameer"]
[Result "1-0"]
[WhiteElo "2208"]
[BlackElo "1877"]
[EventDate "2012.05.30"]
[PlyCount "99"]

1.d4 d5 2.c4 e6 3.Nf3 c6 4.Nbd2 Nf6 5.g3 g6 6.Bg2 Bg7 7.O-O O-O 8.Qc2 Nbd7
9.b3 Qc7 10.Bb2 Re8 11.Rad1 b6 12.e4 dxe4 13.Nxe4 Nxe4 14.Qxe4 Bb7 15.Qe2 
c5 16.dxc5 Nxc5 17.Bxg7 Kxg7 18.Ne5 Bxg2 19.Kxg2 Rad8 20.Qe3 f6 21.Ng4 Qe7
22.h4 e5 23.h5 f5 24.h6+ Kg8 25.Rxd8 Rxd8 26.Nxe5 Qd6 27.Nf3 Ne4 28.Ng5 
Nxg5 29.Qxg5 Re8 30.Qc1 Re2 31.Qc3 Qe5 32.Qxe5 Rxe5 33.Rd1 Ra5 34.Rd8+ Kf7
35.Rd7+ Kf6 36.Rxh7 Kg5 37.a4 Kh5 38.f4 g5 39.Rg7 Kxh6 40.Rxg5 Rc5 41.Kf3 
a6 42.Ke3 a5 43.g4 fxg4 44.Rxg4 Rh5 45.Rg3 Rc5 46.Ke4 Kh5 47.Rg5+ Rxg5 48.
fxg5 Kxg5 49.Kd5 Kf5 50.Kc6 1-0

[Event "Asia-ch U20 Girls"]
[Site "Tashkent UZB"]
[Date "2012.06.06"]
[Round "8.7"]
[White "Shyngys Kyzy, Aijarkyn"]
[Black "Khursanova, Farida"]
[Result "1-0"]
[WhiteElo "1733"]
[BlackElo "1855"]
[EventDate "2012.05.30"]
[PlyCount "69"]

1.d4 d5 2.c4 Bf5 3.Nc3 e6 4.Nf3 Nf6 5.Bg5 Be7 6.cxd5 Nxd5 7.Bxe7 Qxe7 8.
Qb3 c6 9.Nd2 O-O 10.e3 Na6 11.Bxa6 bxa6 12.e4 Rab8 13.Qc4 Rb4 14.Qc5 Qg5 
15.Nxd5 Rxb2 16.Ne3 Rb5 17.Qxc6 Bg6 18.O-O Qf4 19.g3 Qh6 20.Rab1 Rh5 21.h4
Ra5 22.Qd6 Rb5 23.Rxb5 axb5 24.Qe5 a5 25.Rc1 Bh5 26.Qxb5 f5 27.exf5 exf5 
28.Rc6 Bg6 29.Qd5+ Kh8 30.Qc5 Rg8 31.Rc8 f4 32.Rxg8+ Kxg8 33.Ng4 Qh5 34.
Qxh5 Bxh5 35.Ne5 1-0

[Event "Asia-ch U20 Girls"]
[Site "Tashkent UZB"]
[Date "2012.06.06"]
[Round "8.8"]
[White "Verbova, Polina"]
[Black "Baizhanova, Zhanar"]
[Result "1/2-1/2"]
[WhiteElo "1912"]
[BlackElo "1994"]
[EventDate "2012.05.30"]
[PlyCount "90"]

1.d4 Nf6 2.Nf3 e6 3.e3 b6 4.Bd3 Bb7 5.Nbd2 d5 6.Ne5 Be7 7.O-O O-O 8.c3 c5 
9.f4 Nbd7 10.Qf3 Qc7 11.h3 Ne8 12.Nxd7 Qxd7 13.Qe2 f5 14.Nf3 c4 15.Bc2 Nf6
16.Bd2 Ne4 17.Bxe4 fxe4 18.Ne5 Qe8 19.Kh2 Bf6 20.Be1 Bxe5 21.dxe5 Qg6 22.
Rg1 b5 23.a3 a5 24.Bd2 Ba6 25.g4 Qf7 26.g5 g6 27.h4 Kg7 28.Rg3 Rh8 29.Kg2 
Qe7 30.Rh3 b4 31.axb4 axb4 32.Ra4 b3 33.Ra1 Bb7 34.Rhh1 Ra2 35.Rab1 Ba6 
36.Qg4 Bb5 37.Kf2 Be8 38.Ke2 Bf7 39.Qg1 Rha8 40.Qc1 Qb7 41.Rg1 Qb5 42.Kf2 
Be8 43.Rh1 Qc5 44.Rg1 Qf8 45.Qd1 Qc5 1/2-1/2

[Event "Asia-ch U20 Girls"]
[Site "Tashkent UZB"]
[Date "2012.06.07"]
[Round "9.1"]
[White "Saranya, J"]
[Black "Pujari, Rucha"]
[Result "1-0"]
[WhiteElo "2091"]
[BlackElo "2192"]
[EventDate "2012.05.30"]
[PlyCount "125"]

1.e4 d6 2.d4 Nf6 3.Bd3 e5 4.Ne2 g6 5.c3 Bg7 6.O-O O-O 7.f4 c5 8.fxe5 dxe5 
9.d5 c4 10.Bc2 Ng4 11.Qe1 f5 12.h3 Nh6 13.Na3 b5 14.Be3 f4 15.Bc5 Rf6 16.
b3 Na6 17.Bf2 f3 18.Ng3 Bf8 19.b4 fxg2 20.Kxg2 Qd7 21.Rh1 Rf4 22.Ne2 Rf6 
23.Be3 Nf7 24.Qg3 Nc7 25.Bc5 Bh6 26.Rhf1 Ra6 27.Nb1 Bb7 28.Rd1 Rf6 29.Be3 
Bxe3 30.Qxe3 Rf8 31.Nd2 g5 32.Rf1 Rf4 33.Nxf4 gxf4 34.Qf3 Ne8 35.Qg4+ 
Qxg4+ 36.hxg4 Nf6 37.Bd1 Ng5 38.Bf3 Bc8 39.a4 h5 40.gxh5 Bh3+ 41.Kf2 Bxf1 
42.Rxf1 Nxf3 43.Kxf3 a6 44.axb5 axb5 45.Ra1 Rf7 46.h6 Kh7 47.Ra6 Kxh6 48.
Re6 Kg6 49.Rxe5 Rh7 50.Kxf4 Rh3 51.Nf3 Nh5+ 52.Ke3 Rh1 53.Rg5+ Kf6 54.e5+ 
Ke7 55.Kd4 Nf4 56.Kc5 Rh3 57.Nd4 Rxc3 58.d6+ Kf7 59.Rf5+ Kg6 60.Rxf4 Ra3 
61.d7 Ra8 62.e6 c3 63.e7 1-0

[Event "Asia-ch U20 Girls"]
[Site "Tashkent UZB"]
[Date "2012.06.07"]
[Round "9.2"]
[White "Bharathi, R"]
[Black "Ivana Maria, Furtado"]
[Result "0-1"]
[WhiteElo "2088"]
[BlackElo "2065"]
[EventDate "2012.05.30"]
[PlyCount "60"]

1.e4 e6 2.d4 d5 3.Nd2 Nf6 4.e5 Nfd7 5.Bd3 c5 6.c3 Nc6 7.Ne2 cxd4 8.cxd4 f6
9.exf6 Nxf6 10.Nf3 Bd6 11.O-O Qc7 12.Bd2 O-O 13.Rc1 Ng4 14.Ng3 g6 15.Qe2 
Qg7 16.Bc3 Qh6 17.h3 Bf4 18.Bd2 e5 19.dxe5 Ncxe5 20.Bxf4 Qxf4 21.Nxe5 Nxe5
22.Rce1 Nc6 23.Rd1 Bd7 24.Bc2 Nd4 25.Qd3 Nxc2 26.Qxd5+ Rf7 27.Qxb7 Rb8 28.
Qd5 Bb5 29.Ne4 Bxf1 30.Rxf1 Ne3 0-1

[Event "Asia-ch U20 Girls"]
[Site "Tashkent UZB"]
[Date "2012.06.07"]
[Round "9.4"]
[White "Hoang, Thi Nhu Y"]
[Black "Kulkarni , Bhakti"]
[Result "1-0"]
[WhiteElo "2238"]
[BlackElo "2208"]
[EventDate "2012.05.30"]
[PlyCount "95"]

1.d4 d6 2.Nf3 Bg4 3.Nbd2 Nd7 4.h3 Bxf3 5.Nxf3 Ngf6 6.c3 c6 7.Bf4 Qc7 8.Bh2
g6 9.Qc2 Bg7 10.e3 O-O 11.Be2 Rfe8 12.a4 Rad8 13.O-O e5 14.Rab1 a5 15.b4 
axb4 16.cxb4 Nd5 17.Rfd1 Rc8 18.Qb3 N7f6 19.Bc4 e4 20.Nd2 Qd7 21.b5 Ra8 
22.Ra1 Ra7 23.Rdc1 Rea8 24.Bxd5 cxd5 25.Qb4 Ne8 26.Nb3 Bf6 27.a5 Bd8 28.
Ra2 f5 29.b6 Ra6 30.Rac2 g5 31.f3 exf3 32.gxf3 Qe6 33.Qc3 Nf6 34.Rg2 h6 
35.Qd3 Kh8 36.Kf2 Nd7 37.h4 g4 38.h5 Nf6 39.Bf4 Nxh5 40.Rh1 Nxf4 41.exf4 
Be7 42.Qe3 g3+ 43.Rxg3 Qf6 44.Re1 Re8 45.Qe6 Qf8 46.Qg6 Rc8 47.Rxe7 Rc2+ 
48.Re2 1-0

[Event "Asia-ch U20 Girls"]
[Site "Tashkent UZB"]
[Date "2012.06.07"]
[Round "9.5"]
[White "Nandhidhaa, PV"]
[Black "Khursanova, Farida"]
[Result "1-0"]
[WhiteElo "2176"]
[BlackElo "1855"]
[EventDate "2012.05.30"]
[PlyCount "85"]

1.e4 c5 2.Nf3 d6 3.d4 cxd4 4.Nxd4 Nf6 5.Nc3 a6 6.Be2 Nbd7 7.f4 Qc7 8.O-O 
b5 9.a3 Bb7 10.Bf3 Rc8 11.Kh1 g6 12.Qe1 Bg7 13.e5 dxe5 14.fxe5 Bxf3 15.
exf6 Bxg2+ 16.Kxg2 Bxf6 17.Nd5 Qd6 18.Nxf6+ Nxf6 19.c3 O-O 20.Bf4 Qd5+ 21.
Kg1 Rfe8 22.Qh4 Nh5 23.Be3 Rc4 24.Qh3 e5 25.Nf3 f5 26.Rad1 Qc6 27.Rfe1 f4 
28.Bc1 e4 29.Nd4 Qf6 30.Qd7 Rcc8 31.Rxe4 Rxe4 32.Qxc8+ Kg7 33.Qb7+ Re7 34.
Qf3 Qh4 35.Rf1 Re1 36.Rxe1 Qxe1+ 37.Qf1 Qe5 38.Bxf4 Nxf4 39.Qxf4 Qe1+ 40.
Kg2 Qe7 41.Qg4 Qb7+ 42.Qf3 Qe7 43.Qd5 1-0

[Event "Asia-ch U20 Girls"]
[Site "Tashkent UZB"]
[Date "2012.06.07"]
[Round "9.6"]
[White "Abdul, Majeed Dina Ameer"]
[Black "Verbova, Elena"]
[Result "1-0"]
[WhiteElo "1877"]
[BlackElo "1973"]
[EventDate "2012.05.30"]
[PlyCount "85"]

1.e4 e6 2.d4 d5 3.Nc3 Nf6 4.e5 Nfd7 5.f4 c5 6.Nf3 Nc6 7.Be3 c4 8.Be2 Be7 
9.O-O f6 10.Qe1 f5 11.Qg3 g6 12.h4 Nf8 13.h5 Bd7 14.Kf2 Qc7 15.Rh1 O-O-O 
16.hxg6 Nxg6 17.Ng5 Bxg5 18.Qxg5 a6 19.Na4 Rdg8 20.Qh6 Nb4 21.Nc5 b6 22.
Nxd7 Qxd7 23.c3 Nc2 24.Rac1 Nxe3 25.Kxe3 Qa4 26.g4 Qxa2 27.gxf5 exf5 28.
Bf3 Qa5 29.Rh5 Qb5 30.Rc2 Qd7 31.Rg2 Kb7 32.Rgg5 Rf8 33.Rh2 a5 34.Bh5 Qd8 
35.Rhg2 Ne7 36.Rg7 Ka6 37.Qe6 Rhg8 38.b4 cxb3 39.Be2+ Ka7 40.Rxe7+ Kb8 41.
Rgg7 Rxg7 42.Rxg7 Re8 43.Qf7 1-0

[Event "Asia-ch U20 Girls"]
[Site "Tashkent UZB"]
[Date "2012.06.07"]
[Round "9.7"]
[White "Shyngys Kyzy, Aijarkyn"]
[Black "Pon, NKrithika"]
[Result "1/2-1/2"]
[WhiteElo "1733"]
[BlackElo "2150"]
[EventDate "2012.05.30"]
[PlyCount "65"]

1.e4 Nf6 2.e5 Nd5 3.d4 d6 4.Nf3 Bg4 5.Bc4 dxe5 6.dxe5 e6 7.O-O Be7 8.Nbd2 
Nd7 9.Qe2 c6 10.Bb3 Nc5 11.Ne4 Nxe4 12.Qxe4 Bf5 13.Qe2 O-O 14.Rd1 Qc7 15.
c4 Nb6 16.Bf4 Rfd8 17.Ng5 Nd7 18.Bc2 h6 19.Nf3 Bxc2 20.Qxc2 Nf8 21.Qe2 Ng6
22.Bg3 Qa5 23.a3 Qa4 24.Nd2 Qc2 25.b4 Rd4 26.Rac1 Qb2 27.Rb1 Qxa3 28.Ne4 
Rxd1+ 29.Qxd1 Bxb4 30.Ra1 Qb2 31.Rb1 Qa3 32.Ra1 Qb2 33.Rb1 1/2-1/2

[Event "Asia-ch U20 Girls"]
[Site "Tashkent UZB"]
[Date "2012.06.07"]
[Round "9.9"]
[White "Nasriddinzoda, Marvorii"]
[Black "Verbova, Polina"]
[Result "1-0"]
[WhiteElo "2033"]
[BlackElo "1912"]
[EventDate "2012.05.30"]
[PlyCount "111"]

1.e4 e5 2.Nf3 Nf6 3.Nxe5 d6 4.Nf3 Nxe4 5.Nc3 Nxc3 6.dxc3 Be7 7.Bc4 O-O 8.
Be3 c6 9.Qd2 d5 10.Bd3 Be6 11.O-O-O b5 12.Ng5 Bxg5 13.Bxg5 Qd7 14.Rhe1 Na6
15.f3 Nc5 16.Bf1 a5 17.Qf2 Nb7 18.Qg3 f6 19.Bh6 Rfe8 20.Bf4 a4 21.h4 Qf7 
22.Qf2 Na5 23.Bd3 Nc4 24.a3 Bd7 25.g4 Rxe1 26.Rxe1 Re8 27.Rxe8+ Qxe8 28.
Qe2 Ne5 29.Bxe5 fxe5 30.b3 c5 31.c4 bxc4 32.bxc4 d4 33.Qe4 g6 34.Qd5+ Qe6 
35.Qxc5 Kf7 36.Be4 Qe7 37.Bd5+ Ke8 38.Qb4 Qxb4 39.axb4 Kd8 40.Kb2 Kc7 41.
Ka3 Kb6 42.c5+ Kb5 43.c6 Bc8 44.Be4 Be6 45.c7 Bc8 46.Bd5 h6 47.g5 hxg5 48.
hxg5 Kb6 49.Be4 Kxc7 50.Bxg6 Bd7 51.Bd3 Kd6 52.b5 Kc5 53.Kxa4 Be6 54.Ka5 
Bd5 55.Be4 Bg8 56.b6 1-0